00273nam a2200109Ia 4500008004100000041000800041082001500049100001600064245004500080260003100125365000700156240624s9999 xx 000 0 und d aeng a778.71 MUN aMUNRO NICKY aDIGITAL PHOTOGRAPHY MASTERCLASS ADVANCED c2013aLondonbDK Publisher cRS